LEADER 01028nam0-2200349---450- 001 990009850560403321 005 20140416152710.0 010 $a978-88-230-1701-6 035 $a000985056 035 $aFED01000985056 035 $a(Aleph)000985056FED01 035 $a000985056 100 $a20140416d2012----km-y0itay50------ba 101 0 $aita 102 $aIT 105 $ay-------001yy 200 1 $aPer il lavoro$eeuropei, riformisti, non liberisti$fCesare Damiano$ga cura di Angelo Faccinetto$gprefazione di Mimmo Carrieri 210 $aRoma$cEdiesse$d2012 215 $a253 p.$d21 cm 225 1 $aMateriali 610 0 $aCrisi economiche$aEffetti [del] Liberismo$a2007-2012 676 $a330.1220945$v22$zita 700 1$aDamiano,$bCesare$0283503 702 1$aFaccinetto,$bAngelo 702 1$aCarrieri,$bMimmo 801 0$aIT$bUNINA$gREICAT$2UNIMARC 901 $aBK 912 $a990009850560403321 952 $aX B 75$b51009$fFSPBC 959 $aFSPBC 996 $aPer il lavoro$9825879 997 $aUNINA LEADER 02206nam 2200397z- 450 001 9910346752203321 005 20210211 035 $a(CKB)4920000000094192 035 $a(oapen)https://directory.doabooks.org/handle/20.500.12854/56153 035 $a(oapen)doab56153 035 $a(EXLCZ)994920000000094192 100 $a20202102d2018 |y 0 101 0 $aeng 135 $aurmn|---annan 181 $ctxt$2rdacontent 182 $cc$2rdamedia 183 $acr$2rdacarrier 200 00$aPhenomics 210 $cFrontiers Media SA$d2018 215 $a1 online resource (222 p.) 225 1 $aFrontiers Research Topics 311 08$a2-88945-607-2 330 $a"Phenomics" is an emerging area of research whose aspiration is the systematic measurement of the physical, physiological and biochemical traits (the phenome) belonging to a given individual or collection of individuals. Non-destructive or minimally invasive techniques allow repeated measurements across time to follow phenotypes as a function of developmental time. These longitudinal traits promise new insights into the ways in which crops respond to their environment including how they are managed. To maximize the benefit, these approaches should ideally be scalable so that large populations in multiple environments can be sampled repeatedly at reasonable cost. Thus, the development and validation of non-contact sensing technologies remains an area of intensive activity that ranges from Remote Sensing of crops within the landscape to high resolution at the subcellular level. Integration of this potentially highly dimensional data and linking it with variation at the genetic level is an ongoing challenge that promises to release the potential of both established and under-exploited crops. 606 $aBotany & plant sciences$2bicssc 610 $aartificial vision 610 $aMultispectral imaging 610 $aPhenomics 610 $aRGB data 610 $aRGB image analysis 615 7$aBotany & plant sciences 700 $aMarcos Egea-Cortines$4auth$01329317 702 $aJohn Doonan$4auth 906 $aBOOK 912 $a9910346752203321 996 $aPhenomics$93039418 997 $aUNINA LEADER 03713nam 22006255 450 001 9910254608303321 005 20200703015351.0 010 $a3-662-48526-5 024 7 $a10.1007/978-3-662-48526-2 035 $a(CKB)3710000000515881 035 $a(EBL)4103864 035 $a(SSID)ssj0001585527 035 $a(PQKBManifestationID)16263834 035 $a(PQKBTitleCode)TC0001585527 035 $a(PQKBWorkID)14864189 035 $a(PQKB)10444850 035 $a(DE-He213)978-3-662-48526-2 035 $a(MiAaPQ)EBC4103864 035 $a(PPN)19052149X 035 $a(EXLCZ)993710000000515881 100 $a20151120d2016 u| 0 101 0 $aeng 135 $aur|n|---||||| 181 $ctxt 182 $cc 183 $acr 200 10$aScattering Theory /$fby Harald Friedrich 205 $a2nd ed. 2016. 210 1$aBerlin, Heidelberg :$cSpringer Berlin Heidelberg :$cImprint: Springer,$d2016. 215 $a1 online resource (293 p.) 300 $aDescription based upon print version of record. 311 $a3-662-48524-9 320 $aIncludes bibliographical references at the end of each chapters and index. 327 $aClassical Scattering Theory. -Elastic scattering by a conservative potential. ? Internal excitation, Inelastic scattering. - Special topics -- Appendices -- Index. 330 $aThis corrected and updated second edition of "Scattering Theory" presents a concise and modern coverage of the subject. In the present treatment, special attention is given to the role played by the long-range behaviour of the projectile-target interaction, and a theory is developed, which is well suited to describe near-threshold bound and continuum states in realistic binary systems such as diatomic molecules or molecular ions. It is motivated by the fact that experimental advances have shifted and broadened the scope of applications where concepts from scattering theory are used, e.g. to the field of ultracold atoms and molecules, which has been experiencing enormous growth in recent years, largely triggered by the successful realization of Bose-Einstein condensates of dilute atomic gases in 1995. The book contains sections on special topics such as near-threshold quantization, quantum reflection, Feshbach resonances and the quantum description of scattering in two dimensions. The level of abstraction is kept as low as at all possible and deeper questions related to the mathematical foundations of scattering theory are passed by. It should be understandable for anyone with a basic knowledge of nonrelativistic quantum mechanics. The book is intended for advanced students and researchers, and it is hoped that it will be useful for theorists and experimentalists alike. 606 $aPhysics 606 $aLow temperatures 606 $aLow temperatures 606 $aAtoms 606 $aMathematical Methods in Physics$3https://scigraph.springernature.com/ontologies/product-market-codes/P19013 606 $aLow Temperature Physics$3https://scigraph.springernature.com/ontologies/product-market-codes/P25130 606 $aAtomic, Molecular, Optical and Plasma Physics$3https://scigraph.springernature.com/ontologies/product-market-codes/P24009 615 0$aPhysics. 615 0$aLow temperatures. 615 0$aLow temperatures. 615 0$aAtoms. 615 14$aMathematical Methods in Physics. 615 24$aLow Temperature Physics. 615 24$aAtomic, Molecular, Optical and Plasma Physics. 676 $a530 700 $aFriedrich$b Harald$4aut$4http://id.loc.gov/vocabulary/relators/aut$0754398 906 $aBOOK 912 $a9910254608303321 996 $aScattering Theory$91800511 997 $aUNINA